Estudio de sobretensiones y coordinación de aislamiento de la línea de transmisión Trapiche-Leesville del Sistema Eléctrico Nacional
Gardado en:
| Autor Principal: | |
|---|---|
| Formato: | Libro |
| Publicado: |
[San José, Costa Rica]
2010
|
| Materias: | |
| Etiquetas: |
Engadir etiqueta
Sen Etiquetas, Sexa o primeiro en etiquetar este rexistro!
|
MARC
| LEADER | 00000nam a2200000Ia 4500 | ||
|---|---|---|---|
| 003 | 010485 | ||
| 005 | 20221231144028.0 | ||
| 008 | 140114s2010 cr a 000 | s d | ||
| 040 | |c cru CEDI | ||
| 090 | |a TFG 6368 | ||
| 100 | |a Hidalgo Quesada, Josué Daniel |9 16921 | ||
| 245 | |a Estudio de sobretensiones y coordinación de aislamiento de la línea de transmisión Trapiche-Leesville del Sistema Eléctrico Nacional | ||
| 260 | |c 2010 |b [San José, Costa Rica] | ||
| 500 | |a Práctica dirigida (licenciatura en ingeniería eléctrica)--Universidad de Costa Rica. Facultad de Ingeniería. Escuela de Ingeniería Eléctrica | ||
| 650 | |x SISTEMAS DE ENERGIA ELECTRICA |x COSTA RICA |x LINEAS ELECTRICAS |x PROTECCION |x PARARRAYOS |x RAYOS ATMOSFERICOS |x DESCARGAS ELECTRICAS |x AISLADORES ELECTRICOS |9 2555 | ||
| 942 | |c TFG | ||
| 999 | |c 15829 |d 15829 | ||
